ARRUPE JESUIT UNIVERSITY

CORONAVIRUS -STOP THE SPREAD - CLEAN,DISINFECT,COVER

Crisis in the Church (Record no. 1155)

MARC details
000 -LEADER
fixed length control field 00560nam a2200229Ia 4500
003 - CONTROL NUMBER IDENTIFIER
control field 0100
008 - FIXED-LENGTH DATA ELEMENTS--GENERAL INFORMATION
fixed length control field 130227s9999 xx 000 0 und d
020 ## - INTERNATIONAL STANDARD BOOK NUMBER
International Standard Book Number 088347106X
040 ## - CATALOGING SOURCE
Transcribing agency ARRUPELIB
050 ## - LIBRARY OF CONGRESS CALL NUMBER
Classification number BX1406.2.G696
100 ## - MAIN ENTRY--PERSONAL NAME
Personal name Greeley, Andrew M.
245 ## - TITLE STATEMENT
Title Crisis in the Church
245 ## - TITLE STATEMENT
Remainder of title A study of religion in America
260 ## - PUBLICATION, DISTRIBUTION, ETC. (IMPRINT)
Place of publication, distribution, etc Chicago
260 ## - PUBLICATION, DISTRIBUTION, ETC. (IMPRINT)
Name of publisher, distributor, etc Thomas More Press
260 ## - PUBLICATION, DISTRIBUTION, ETC. (IMPRINT)
-- 1979
300 ## - PHYSICAL DESCRIPTION
Extent 264p
300 ## - PHYSICAL DESCRIPTION
Other physical details 23cm
650 ## - SUBJECT ADDED ENTRY--TOPICAL TERM
Topical term following geographic name as entry element God - Comparative studies
650 ## - SUBJECT ADDED ENTRY--TOPICAL TERM
Location of event Africa Sub-Saharan - Religion
942 ## - ADDED ENTRY ELEMENTS (KOHA)
Source of classification or shelving scheme Library of Congress Classification
Koha issues (borrowed), all copies 1
Holdings
Withdrawn status Lost status Source of classification or shelving scheme Damaged status Not for loan Collection code Home library Current library Shelving location Date acquired Total Checkouts Full call number Barcode Date last seen Date last borrowed Copy number Price effective from Koha item type
    Library of Congress Classification     Main Collection ARRUPE LIBRARY ARRUPE LIBRARY   27/02/2013 2 BX1406.2.G696 46401843 22/11/2017 22/10/2015 1 27/02/2013 Monograph ( Printed materials)

 

Arrupe Library. PO Box MP320 Mt Pleasant, Harare, Zimbabwe
263 242 745411|librarian@aju.ac.zw